| 000 | 00526aam a2200217 4500 | ||
|---|---|---|---|
| 005 | 20241023151911.0 | ||
| 008 | 150603b xxu||||| |||| 00| 0 spa d | ||
| 020 | _a9788498381412 | ||
| 041 | _aESP | ||
| 082 | _a823.914 R884hr | ||
| 100 |
_aRowling, J. K. _920530 |
||
| 245 | _aHarry Potter y las reliquias de la muerte | ||
| 260 | _aEspaña | ||
| 260 | _bSalamandra | ||
| 260 | _c2008 | ||
| 300 | _a638 páginas | ||
| 440 | _aHarry Potter | ||
| 650 | _aLITERATURA INGLESA | ||
| 650 | _aNOVELA | ||
| 942 |
_cLIT _2ddc |
||
| 999 |
_c2567 _d2567 |
||